Responses for Show #3290 - Friday, December 18, 1998

James Arey game 4.

Contestants

[<< previous game]

Alan Cates, an attorney from Newport Beach, California

Gina Diamante, a computer support technician from Temecula, California

James Arey, a hotel concierge from New Orleans, Louisiana (whose 3-day cash winnings total $23,302)

[next game >>]

Jeopardy! Round responses

NORMANCLATURE
CAR PETS
FILM FESTIVALS
WORLD COSTUME
EIGHT
"NIGHT"s
    $100 12
William The Conqueror

Triple Stumper
    $100 18
(James: What is a white Ford [*]?)
(Alex: That's very specific!)

Bronco

James
    $100 6
Cannes

James
    $100 10
Lederhosen

James
    $100 1
The Ivy League

James
    $100 13
Saturday Night Fever

James
    $200 19
Mustang

Alan
    $600 7
Sundance

James
    $200 11
Amish

Triple Stumper
    $200 2
Magic 8-Ball

Alan
    $200 14
Nightshade

Gina
    $300 20
Rabbit

Triple Stumper
    $300 8
(James: What is Central Park?)

the Film Society of Lincoln Center

James
Triple Stumper
    $300 15
Poncho

Alan
    $300 3
Eight Miles High

Alan
    $300 24
Goodnight Moon

Triple Stumper
    $400 21
Jaguar

Triple Stumper
    $400 9
Golden Bear

Gina
    $400 16
Dashiki

Alan
    $400 4
Section 8 discharge

Alan
    $400 25
[The end-of-round signal sounds.]
(Alex: Thank you, thank you very much--we had started well and kind of fell into the abyss!)

"Ode to a Nightingale"

Triple Stumper
    $500 22
(Alex: A minute to go.)

Eagle

Alan
    $500 23
(James: What is Leadville?)
(Gina: What is Aspen?)

Telluride

JamesGina
Triple Stumper
    $500 17
Panama

Gina
    $500 5
(Gina: What is Hindu?)

Buddhism

JamesGina

Scores at the first commercial break (after clue 12):

James Gina Alan
$1,100 -$100 $900

Scores at the end of the Jeopardy! Round:

James Gina Alan
$800 $100 $2,300

Double Jeopardy! Round responses

PLAYS & PLAYWRIGHTS
ROYAL NAME'S THE SAME
RAIN
OUTDATED MAPS
TV STARS
LITERARY ADJECTIVES
    $200 6
August Wilson

James
    $200 20
(James: Who is Catherine the Great?)
...
(Alex: She could have been a czar!)

Peter the Great

JamesGina
    $200 17
acid rain

James
    $200 16
Saigon

Gina
    $200 1
Jack Klugman

James
    $200 11
(Alan: What is Utopia?)
...
(Alex: We're going for the adjective, not the book.)

utopian

GinaAlan
    $400 7
George Bernard Shaw

James
    $400 21
(Gina: What is Austria-Hungary?)

the Holy Roman Empire

GinaAlan
    $400 18
Stalingrad

James
    $400 2
Gavin MacLeod

Triple Stumper
    $400 12
orwellian

Alan
    $600 8
David Mamet

James
    $600 27
(Alan: What is Romania?)
[The end-of-round signal sounds.]

Greece

JamesAlan
    $600 19
the Gold Coast

Gina
    $600 3
John Lithgow

James
    $600 13
quixotic

Alan
    $800 9
Harold Pinter

James
    $800 25
Spain

Gina
    $800 24
a front

Gina
    $1,600 4
Mike Farrell

James
    $3,100 14
(Alan: What is false?)

faustian

Alan
    $1000 10
(Alex: Good work in the category!)

George S. Kaufman

James
    $1000 26
Hungary

James
    $1000 23
mountains

Alan
    $1000 22
(Alex: We have a minute to go, Alan.)

Christiania

Triple Stumper
    $1000 5
George Lindsey

James
    $1000 15
gargantuan

James

Scores at the end of the Double Jeopardy! Round:

James Gina Alan
$10,200 $2,500 $800
(lock game)

[wagering suggestions for these scores]

Final Jeopardy! Round responses

PRESIDENTS
AlanWho are Grant &
$800
GinaWho were Grant & H
$500
JamesWho were Garfield & Arthur?
$199
(2 of) Ulysses S. Grant, Rutherford B. Hayes & James A. Garfield

Final scores:

James Gina Alan
$10,001 $2,000 $0
4-day champion: $33,303 2nd place: Trip to Hotel Melia Victoria, Palma de Majorca, Spain 3rd place: Trip to Ingleside Inn, Palm Springs, California

Game dynamics:

Coryat scores:

James Gina Alan
$9,000 $2,500 $3,900
21 R
(including 2 DDs),
3 W
9 R,
3 W
11 R,
3 W
(including 1 DD)

Combined Coryat: $15,400

[game clues] [game scores] [suggest correction]

Game tape date: 1998-10-14
The J! Archive is created by fans, for fans. Scraping, republication, monetization, and malicious use prohibited; this site may use cookies and collect identifying information. See terms. The Jeopardy! game show and all elements thereof, including but not limited to copyright and trademark thereto, are the property of Jeopardy Productions, Inc. and are protected under law. This website is not affiliated with, sponsored by, or operated by Jeopardy Productions, Inc. Join the discussion at JBoard.tv.